00788nam a2200205Ia 4500008004100000040001800041041000800059100002100067245015100088260003700239300005100276500005900327650002700386650003500413650001100448650002500459700003600484700003200520765003000552130821s1946 sp a gr spa  aCo-BoUCMbspa aspa1 aRobertson, D. H.10aEnsayos sobre teoría monetariacD. H. Robertson ; traducción del inglés por José Fuentes Ruiz , revisión y prólogo por German Bernacer aMadrid (España)bAguilarc1946 axxiv, 267 páginasbilustraciones, gráficas aEl ejemplar No. 2 es Donación Dr. Álvaro Daza Roa.04aComercio internacional04aDemanda (Teoría económica)04aMoneda04aPolítica monetaria1 aBernacer, Germanepról.erev.1 aFuentes Ruiz, Joséetrad.0 tEssays in monetary theory